U.S. States with the most Campgrounds - Statistics

General Stats
  • This quiz has been taken 30 times
  • The average score is 9 of 10
Answer Stats
Number Answer % Correct
1577 California
96%
602 Colorado
96%
643 Florida
96%
714 Texas
96%
896 Oregon
92%
676 Washington
92%
484 Idaho
88%
496 Arizona
85%
454 Montana
85%
589 Michigan
81%
No matching quizzes found
Score Distribution
Percent of People with Each Score
Percentile by Number Answered
Your Score History
You have not taken this quiz